La mirada escondida / (Record no. 196204)

MARC details
000 -LEADER
campo de control de longitud fija 01990nam a2200361 i 4500
001 - NÚMERO DE CONTROL
campo de control 196204
003 - IDENTIFICADOR DE NÚMERO DE CONTROL
campo de control ES-MaACL
005 - FECHA Y HORA DE LA ÚLTIMA TRANSACCIÓN
campo de control 20250511063048.0
008 - DATOS DE LONGITUD FIJA--INFORMACIÓN GENERAL
campo de control de longitud fija 240818s2023||||sp fr|||| 000 1 spa d
020 ## - NÚMERO INTERNACIONAL ESTÁNDAR DEL LIBRO
Número Internacional Estándar del Libro 9788412646566
024 3# - IDENTIFICADOR DE OTROS ESTÁNDARES
Número estándar o código 9788412646566
035 ## - NÚMERO DE CONTROL DEL SISTEMA
Número de control de sistema (OCoLC)1436705720
035 ## - NÚMERO DE CONTROL DEL SISTEMA
Número de control de sistema 278551629
040 ## - FUENTE DE CATALOGACIÓN
Centro catalogador/agencia de origen ABES
Lengua de catalogación fre
Normas de descripción AFNOR
Centro/agencia transcriptor ES-MaACL
041 0# - CÓDIGO DE IDIOMA
Fuente del código 639-2
999 ## - NÚMEROS DE CONTROL DE SISTEMA (KOHA)
Koha Subclase de Dewey [OBSOLETO] aROSE
100 ## - ENTRADA PRINCIPAL--NOMBRE DE PERSONA
Número de control del registro de autoridad o número normalizado (IdRef)278551688
URI de un objeto del mundo real http://www.idref.fr/278551688/id
Nombre de persona Hernández, Miguel Pedrero
9 (RLIN) 238498
Término indicativo de función/relación Autor
245 13 - MENCIÓN DEL TÍTULO
Título La mirada escondida /
Mención de responsabilidad, etc. Miguel Pedrero Hernández.
264 #1 - PRODUCCIÓN, PUBLICACIÓN, DISTRIBUCIÓN, FABRICACIÓN Y COPYRIGHT
Producción, publicación, distribución, fabricación y copyright Santander :
Nombre del de productor, editor, distribuidor, fabricante La Vorágine,
Fecha de producción, publicación, distribución, fabricación o copyright 2023.
300 ## - DESCRIPCIÓN FÍSICA
Extensión 183 p. ;
Dimensiones 21 cm.
336 ## - TIPO DE CONTENIDO
Código de tipo de contenido txt
Fuente rdacontent
Término de tipo de contenido texto
337 ## - TIPO DE MEDIO
Código del tipo de medio n
Fuente rdamedia
Nombre/término del tipo de medio sin mediación
337 ## - TIPO DE MEDIO
Código del tipo de medio n
Fuente isbdmedia
Nombre/término del tipo de medio sin mediación
338 ## - TIPO DE SOPORTE
Código del tipo de soporte nga
Fuente RDAfrCarrier
Nombre/término del tipo de soporte volumen
500 ## - NOTA GENERAL
Nota general En la cubierta: "Premio Internacional de Literatura Antonio Machado 2023"
520 ## - RESUMEN, ETC.
Sumario, etc. El duro exilio español en Francia a partir del año 1939. 32 cuadros desaparecidos en plena arremetida nazi en ese país. Una compleja red para sacar a través de Los Pirineos a pilotos y personas en riesgo. Decenas de historias personales cruzadas por la clandestinidad, las ideas, los silencios y el apoyo mutuo.<br/>La mirada escondida es la novela que ha ganado el Premio Internacional de Literatura 2023 de la Fundación Antonio Machado de Collioure y es una oportunidad única de caminar junto aquellos hombres y mujeres que son parte de nuestra mejor herencia. Un ejercicio literario de memoria que representa a los miles de héroes y heroínas sin nombre que resisten al horror.
655 #0 - TERMINO DE INDIZACIÓN--GENERO/FORMA
Datos o término principal de género/forma Literatura española-
Fuente del término ram
9 (RLIN) 234868
Subdivisión general Textos
852 ## - LOCALIZACIÓN
Ubicación ES-MaACL
Sublocalización o colección R.154536
Ubicación en estantería Depósito J
Número de control de estantería N-9279
Donativo/Legado Donación: Editorial
Encuadernación Encuadernación rústica con solapas
itemnumber 205313
942 ## - ELEMENTOS DE ENTRADA SECUNDARIOS (KOHA)
Tipo de ítem Koha Libro impreso
Suprimir en OPAC No
Holdings
Estatus retirado Estado de pérdida Fuente del sistema de clasificación o colocación Estado de daño No para préstamo Biblioteca de origen Biblioteca actual Ubicación en estantería Fecha de adquisición Fuente de adquisición Total de préstamos Signatura topográfica completa Código de barras Visto por última vez Precio de reemplazo Tipo de ítem Koha
    Clasificación decimal universal     Biblioteca del Ateneo de Madrid Biblioteca del Ateneo de Madrid Depósito J 08/05/2025 Donación   N-9279 101230005 08/05/2025 08/05/2025 Libro impreso